La civilización en la encrucijada : (Record no. 30081)

MARC details
000 -LEADER
campo de control de longitud fija 01032cam a2200253Ma 4500
001 - NÚMERO DE CONTROL
campo de control 44256
005 - FECHA Y HORA DE LA ÚLTIMA TRANSACCIÓN
campo de control 20230410104012.0
008 - DATOS DE LONGITUD FIJA--INFORMACIÓN GENERAL
campo de control de longitud fija 910412s1971 mx f 000 0 spa d
035 ## - NÚMERO DE CONTROL DEL SISTEMA
Número de control de sistema (OCoLC)ocm48332716
040 ## - FUENTE DE CATALOGACIÓN
Centro catalogador/agencia de origen EL$
Lengua de catalogación spa
Centro/agencia transcriptor EL$
Centro/agencia modificador OCLCQ
035 ## - NÚMERO DE CONTROL DEL SISTEMA
Número de control de sistema (OCoLC)48332716
084 ## - OTRO NÚMERO DE CLASIFICACIÓN
Número de clasificación 301.243
Número de ítem R534c
050 14 - SIGNATURA TOPOGRÁFICA DE LA BIBLIOTECA DEL CONGRESO
Número de clasificación CB 478
Número de ítem R498c 1971
100 1# - ENTRADA PRINCIPAL--NOMBRE DE PERSONA
Nombre de persona Richta, Radovan.
245 13 - MENCIÓN DEL TÍTULO
Título La civilización en la encrucijada :
Resto del título implicaciones sociales y humanas de la revolución cientificotécnica /
Mención de responsabilidad, etc. Radovan Richta ; [Traducción directa del checo de Fernando de Valenzuela].
260 ## - PUBLICACIÓN, DISTRIBUCIÓN, ETC.
Lugar de publicación, distribución, etc. México :
Nombre del editor, distribuidor, etc. Siglo Veintiuno,
Fecha de publicación, distribución, etc. [1971]
300 ## - DESCRIPCIÓN FÍSICA
Extensión xv, 350 p. ;
Dimensiones 21 cm.
440 #0 - MENCIÓN DE SERIE/PUNTO DE ACCESO ADICIONAL--TÍTULO
Título Teoria y crítica
500 ## - NOTA GENERAL
Nota general "Equipo interdiciplinario para la investigación de las implicaciones sociales y humanas de la revolución cientificotécnica ante el Instituto de Filosofía y Sociología de la Academia Checoslovaca de Ciencias."
650 #0 - PUNTO DE ACCESO ADICIONAL DE MATERIA--TÉRMINO DE MATERIA
Término de materia o nombre geográfico como elemento de entrada Technology and civilization.
942 ## - ELEMENTOS DE ENTRADA SECUNDARIOS (KOHA)
Fuente del sistema de clasificación o colocación Clasificación de Library of Congress
Tipo de ítem Koha
946 ## - PROCESAMIENTO DE INFORMACIÓN LOCAL (OCLC)
a mjcruz
994 ## -
-- C0
-- DRFGD
Holdings
Estatus retirado Estado de pérdida Fuente del sistema de clasificación o colocación Estado de daño No para préstamo Colección Biblioteca de origen Biblioteca actual Ubicación en estantería Fecha de adquisición Serial enumeration / chronology Signatura topográfica completa Código de barras Visto por última vez Copia número Tipo de ítem Koha
    Clasificación de Library of Congress     Recursos Regionales Biblioteca Juan Bosch Biblioteca Juan Bosch Recursos Regionales (2do. Piso) 10/04/2023 1 CB 478 R498c 1971 00000045124 23/10/2018 1